00473nam a2200181Ia 4500008004100000020001800041050001400059100001900073245004300092245005700135260001500192260001600207260000900223300001400232300002700246300001000273500000800283170918s9999 xx 000 0 und d a978059010294x bA113 1975 aAardema, Verna aWhy mosquitoes buzz in people's ears / cby Verna Aardema ; pictures by Leo and Diane Dillon. aNew York : bScholastic, c1975 aunpaged : bcolored illustration ; c21cm. a770